By any other name (Record no. 5124)

MARC details
000 -CABECERA
campo de control de longitud fija 03254cam a2200373 i 4500
001 - NÚMERO DE CONTROL
campo de control a45338344
003 - IDENTIFICADOR DEL NÚMERO DE CONTROL
campo de control SIRSI
005 - FECHA Y HORA DE LA ÚLTIMA TRANSACCIÓN
campo de control 20251029180536.0
008 - DATOS DE LONGITUD FIJA--INFORMACIÓN GENERAL
campo de control de longitud fija 240119s2024 nyua e b 001 f eng
010 ## - NÚMERO DE CONTROL DE LA BIBLIOTECA DEL CONGRESO
Número de control de LC 2024000802
020 ## - NÚMERO INTERNACIONAL ESTÁNDAR DEL LIBRO
Número Internacional Estándar del Libro 9780593497210
035 ## - NÚMERO DE CONTROL DEL SISTEMA
Número de control de sistema (OCoLC)1412197648
040 ## - FUENTE DE LA CATALOGACIÓN
Centro/agencia transcriptor TBS
041 ## - CÓDIGO DE LENGUA
Código de lengua del texto/banda sonora o título independiente eng
042 ## - CÓDIGO DE AUTENTICACIÓN
Código de autenticación pcc
050 00 - SIGNATURA TOPOGRÁFICA DE LA BIBLIOTECA DEL CONGRESO
Número de clasificación PS3566.I372
Número de documento/Ítem B9 2024
100 ## - ENTRADA PRINCIPAL--NOMBRE DE PERSONA
Nombre de persona Picoult, Jodi
Fechas asociadas al nombre 1966-
Término indicativo de función/relación author
9 (RLIN) 24079
245 10 - MENCIÓN DE TÍTULO
Título By any other name
Mención de responsabilidad, etc. / Jodi Picoult.
250 ## - MENCIÓN DE EDICIÓN
Mención de edición First edition.
260 ## - PUBLICACIÓN, DISTRIBUCIÓN, ETC.
Lugar de publicación, distribución, etc. New York, NY :
Nombre del editor, distribuidor, etc. Ballantine Books,
Fecha de publicación, distribución, etc. 2024.
300 ## - DESCRIPCIÓN FÍSICA
Extensión 525 pages :
Otras características físicas illustrations ;
Dimensiones 25 cm
500 ## - NOTA GENERAL
Nota general Includes an author's note (pages 485-498) and Shakespearean references (pages 501-521).
504 ## - NOTA DE BIBLIOGRAFÍA, ETC.
Nota de bibliografía, etc. Includes bibliographical references (pages 501-525).
520 ## - SUMARIO, ETC.
Sumario, etc. A captivating novel about two women, centuries apart, fighting to be heard -- one of whom may be the real author of Shakespeare's plays -- from the New York Times bestselling author of Wish You Were Here. As an undergraduate, Melina Green had a rare opportunity to have one of her first plays judged by famous theater critic Jasper Tolle, only to be publicly humiliated by a harsh and biased critique. Ten years later, her confidence as a playwright has never recovered, although she has just completed a work that she thinks is her best yet. It is based on the life of her ancestor Emilia Bassano, the first published female poet in England -- and rumored to be the "Dark Lady" of Shakespeare's sonnets -- but whom some scholars suspect may be the real author of a number of his plays. Melina wonders if she dares risk failure again, and then her best friend takes the decision out of her hands and submits it to a festival under a male pseudonym. In 1581, the young orphan Emilia Bassano is being raised in the ways of English aristocracy by the Baron Willoughby and his sister. Her lessons on languages, reading, and writing have endowed her with a sharp wit and a gift for storytelling. But like most women of her day, she has no control over her fate, and is ripped from her old life and forced to become a courtesan to Lord Hunsdon, a man knighted by Queen Elizabeth as the Lord Chamberlain in charge of all theater in London. Though she has no other freedoms, and inspired by the work of the most brilliant playwrights of the time, she pseudonymously sets her own pen to paper to tell a story. Told in dual intertwining timelines, this sweeping tale of ambition, courage, and desire centers two women who are determined to create something beautiful despite the prejudices they face. As Emilia alters the course of her life and therefore the course of the world, she blazes a trail. Centuries later, will Melina face the same terrible fate -- to have her work celebrated, but only at the price of letting another take credit?
600 #0 - PUNTO DE ACCESO ADICIONAL DE MATERIA--NOMBRE DE PERSONA
Nombre de persona Shakespeare, William
Fechas asociadas al nombre 1564-1616
Subdivisión de forma Fiction
9 (RLIN) 26383
600 #0 - PUNTO DE ACCESO ADICIONAL DE MATERIA--NOMBRE DE PERSONA
Nombre de persona Lanyer, Aemilia
Subdivisión de forma Fiction
9 (RLIN) 26384
650 #0 - PUNTO DE ACCESO ADICIONAL DE MATERIA--TÉRMINO DE MATERIA
Término de materia o nombre geográfico como elemento de entrada Women dramatists
Subdivisión de forma Fiction
9 (RLIN) 26385
650 #0 - PUNTO DE ACCESO ADICIONAL DE MATERIA--TÉRMINO DE MATERIA
Término de materia o nombre geográfico como elemento de entrada Women
Subdivisión general Social conditions
Subdivisión cronológica 16th century
Subdivisión de forma Fiction
9 (RLIN) 26386
650 #0 - PUNTO DE ACCESO ADICIONAL DE MATERIA--TÉRMINO DE MATERIA
Término de materia o nombre geográfico como elemento de entrada Playwriting
Subdivisión de forma Fiction
9 (RLIN) 23616
650 #0 - PUNTO DE ACCESO ADICIONAL DE MATERIA--TÉRMINO DE MATERIA
Término de materia o nombre geográfico como elemento de entrada Theaters
Subdivisión de forma Fiction
9 (RLIN) 26387
655 #0 - TÉRMINO DE INDIZACIÓN--GÉNERO/FORMA
Datos o término principal de género/forma Biographical fiction
9 (RLIN) 23613
655 #0 - TÉRMINO DE INDIZACIÓN--GÉNERO/FORMA
Datos o término principal de género/forma Historical fiction
9 (RLIN) 22722
942 ## - ELEMENTOS DE ENTRADA AGREGADA (KOHA)
Fuente del sistema de clasificación o colocación Clasificación de Library of Congress
Holdings
Estado de retiro Estado de pérdida Fuente del sistema de clasificación o colocación Estado dañado No para préstamo Biblioteca de origen Biblioteca actual Fecha de adquisición Total de préstamos Signatura topográfica completa Código de barras Fecha visto por última vez Número de copia Precio válido a partir de Tipo de ítem Koha
    Clasificación de Library of Congress     TBS Barcelona TBS Barcelona 29/10/2025   P-EN PIC B05678 29/10/2025 1 29/10/2025 Book

Powered by Koha